| 000 | 01294cam a2200325 i 4500 | ||
|---|---|---|---|
| 001 | 26450 | ||
| 003 | Mx-PuUPA | ||
| 005 | 20250912123736.0 | ||
| 008 | 140415s2014 mx gr 000 0 spa d | ||
| 020 | _a9786070913990 | ||
| 040 |
_aMx-PuUPA _bspa _cMx-PuUPA _dMx-PuUPA _erda |
||
| 041 | 0 | _aspa | |
| 100 | 1 |
_916666 _aBretón Mora, Carlos, _eautor |
|
| 245 | 1 | 0 |
_aAportaciones reflexivas : _bFrancisco de Vitoria en torno a las generaciones de los derechos humanos / _cCarlos Bretón Mora ; prólogo, Dora Elvira García |
| 250 | _aPrimera edición | ||
| 264 | 1 |
_aMéxico, D. F. : _bEditorial Porrúa, _c©2014 |
|
| 300 |
_a196 páginas ; _c21 cm |
||
| 336 |
_2rdacontent _atexto _btxt |
||
| 337 |
_2rdamedia _asin medio _bn |
||
| 338 |
_2rdacarrier _avolumen _bnc |
||
| 600 | 1 | 4 |
_aVitoria, Francisco de, _d1486? - 1546 _xCrítica e interpretación |
| 650 | 7 |
_2armarc _aDerechos civiles _xHistoria |
|
| 650 | 7 |
_2armarc _aIndígenas _xCondición jurídica, leyes, etc., |
|
| 700 | 1 |
_aGarcía, Dora Elvira, _eprologuista |
|
| 942 |
_2ddc _cLI _h323.09 _iB82 |
||
| 999 |
_c26450 _d26450 |
||